Poesías de Fray Luis de León

Uloženo v:
Podrobná bibliografie
Hlavní autor: Vega, Angel C (Autor)
Médium: Kniha
Jazyk:španělština
Vydáno: Madrid S.A.E.T.A 1955
Témata:
Tagy: Přidat tag
Žádné tagy, Buďte první, kdo vytvoří štítek k tomuto záznamu!

MARC

LEADER 00000nam a2200000 a 4500
001 UCQ5237
003 CL-VaPUC
008 980925e19550000SP |||||||||||||||||spa|d
082 0 4 |a 861.09  |b VEG  |2 21 
100 0 |a Vega, Angel C  |e author  |9 419390 
245 1 0 |a Poesías de Fray Luis de León 
300 |a 618 p 
942 |c BK 
945 |d 19980925 00:00:00  |a crobeson 
260 |a Madrid  |b S.A.E.T.A  |c 1955 
600 0 7 |a LEON, FRAY LUIS DE  |2 CL-VaPUC  |9 255943 
650 0 |a Poesía española  |9 264938 
650 0 |a Literatura española  |9 306261 
650 0 |a Crítica e interpretación   |9 255042 
650 0 |a Crítica literaria   |9 269189 
583 |a last modification  |c 19980925 00:00:00  |k Rodrigo Vera 
999 |c 275452  |d 275450 
952 |0 0  |1 0  |4 0  |6 861_090000000000000_VEG_1955  |7 0  |8 A  |9 312195  |a BIBEDU  |b BIBEDU  |d 2019-11-20  |i 1469436  |o 861.09 VEG 1955  |p 1469436  |r 2019-11-20  |w 2019-11-20  |y BK  |k LIT